000 00824npm a2200217 i 4500
001 5250
003 ES-MaACL
005 20230909114657.0
007 hzrazu bucu
008 900426r19901627sp a 00010 spa d
080 _a9(468.11)"--/15"
100 1 _aEspinosa de los Monteros, Pablo.
_947909
245 1 0 _aHistoria, antiguedades y grandezas de la... ciudad de Sevilla
_b: [Microforma] /
_ccompuesta por Pablo Espinosa de los Monteros.
260 _aMadrid :
_bAteneo Cientifico, Literario y Artistico,
_c1990.
300 _a1 carrete de microfilme :
_bnegativo ;
_c16 mm.
500 _aPublicado originalmente: Sevilla, Matias Clavijo-Ivan de Cabrera, 1627-1630 en 2 v.
650 1 4 _aObras anteriores a 1800.
_915661
852 _aES-MaACL
_jMC-382
_95367
942 _2udc
_cMICROFORMA
999 _c5250
_d5250